| 000 | 01315nam a22003617a 4500 | ||
|---|---|---|---|
| 003 | CHAP | ||
| 005 | 20220329143339.0 | ||
| 008 | 081022s2008 mx r 00010 spa d | ||
| 010 | _a95290 | ||
| 011 | _a96262 | ||
| 035 | _a106909 | ||
| 040 | _cCHAP | ||
| 090 | _aTesis | ||
| 100 | 1 |
_aSánchez Burgoa, Alejandro. _9107376 |
|
| 245 | 1 | 0 |
_aDiagnóstico de los esquemas de pago por servicios ambientales hidrológicos en México _c/por Alejandro Sánchez Burgoa |
| 260 |
_aChapingo, Méx. : _bEl autor, _c2008 |
||
| 300 |
_aix, 91 h. : _bcuadros |
||
| 502 | _aTesis (Ing. en Restauración Forestal) - UACH. División de Ciencias Forestales | ||
| 590 |
_aALEPH _b10 _c20130110 _lUCH01 _h1525 |
||
| 590 |
_aBATCH-UPD _b10 _c20130110 _lUCH01 _h1244 |
||
| 590 |
_aBATCH-UPD _b10 _c20130410 _lUCH01 _h0809 |
||
| 590 |
_aBATCH-UPD _b10 _c20130914 _lUCH01 _h1641 |
||
| 590 |
_aCONVERSION _b10 _c20130109 _lUCH01 _h1353 |
||
| 650 | 0 | 4 |
_aIngeniería hidráulica. _958235 |
| 650 | 0 | 4 |
_aPagos. _984724 |
| 650 | 0 | 4 |
_aRecursos forestales. _995025 |
| 650 | 0 | 4 |
_aRecursos naturales. _995172 |
| 650 | 0 | 4 |
_aServicios públicos. _9105335 |
| 901 | _aBK | ||
| 942 | _cFOLL | ||
| 949 |
_aTesis _bBC _cTES _d33724002038991 _eTS1 _fc.2 _gDonaciØn _h48352 _i106909 _si |
||
| 949 |
_aTesis _bBC _cTES _d33724002039009 _eTS2 _gDonaciØn _h48353 _i106909 _sb |
||
| 999 |
_c95290 _d95290 |
||